Score 0/15 Timer 02:00
4 Plays Today
% Correct
Christmas
96.2%
Easter
96.2%
Halloween
96%
Talk Like a Pirate Day
95.8%
Saint Patrick's Day
95.3%
Valentine's Day
95.1%
Mother's Day
94.8%
Pi Day
94.6%
% Correct
Independence Day
94.5%
Thanksgiving
94.4%
Hannukah
93.3%
Father's Day
92.8%
Mardi Gras
91.1%
Bastille Day
89%
Remembrance Day
87%
Remove Ads.
Support Sporcle.
Get the best of Sporcle when you Go Orange. This ad-free experience offers more features, more stats, and more fun while also helping to support Sporcle. Thank you for becoming a member.

You're not logged in!

Compare scores with friends on all Sporcle quizzes.
OR
Log In

Sporcle TV

Today on Sporcle TV


Watch our educational content, quiz creation guides, and fun videos on Sporcle TV.

Show Comments

Extras

Top Quizzes Today


Score Distribution

Paid Content

Your Account Isn't Verified!

In order to create a playlist on Sporcle, you need to verify the email address you used during registration. Go to your Sporcle Settings to finish the process.

Report this User

Report this user for behavior that violates our Community Guidelines.

Details: